00784naa#a2200217#i#4500001001600000005001700016011001400033100004100047102000700088200007200095210005400167215001100221608002700232675009100259686006400350700003800414700003400452700003400486700003100520856001500551EN\\bibl\12325220260604073946.4##a2782-5957##a20260529b2026####ek#y0engy0150####ca##aRU1#aDYNAMIC MODEL OF 2TE25A DIESEL LOCOMOTIVE CARRIAGEeJournal article1#aBryanskcBryansk State Technical Universityd2026##a11 с.##aJournal article2local##aЛокомотивы в зависимости от их назначения. 629.421##aЖелезнодорожный транспорт. 3922bbk#1aPerfil'evgKonstantin Stepanovich#1aVolohovgGrigoriy Mihailovich#1aZhuravlevgSergey Nikolaevich#1aOganyangEduard Sergeevich4#anaukaru.ru